=LDR 00000nam 2200000 4500 =001 INLIS000000000023368 =005 20211124013217 =035 ##$$a 0010-061300000023368 =008 211124###########################0###### =041 ##$$a Eng =082 ##$$a 658.42 =090 ##$$a 658.42, Sla j =100 ##$$a Slater, Robert =245 1#$$a Jack welch and the ge way, Robert Slater =260 ##$$a 2001 :$b Yogyakarta =300 ##$$a 327 hlm, 23 cm =650 #4$$a Wawasan manajemen =850 ##$$a NBPNMAT